[Event "Rubinstein Memorial op-C 57th"]
[Site "Polanica Zdroj"]
[Date "2021.08.20"]
[Round "7"]
[White "Aleksandrowicz, Marek"]
[Black "Szydelko, Kazimierz"]
[Result "0-1"]
[WhiteElo "1868"]
[BlackElo "1664"]
[PlyCount "84"]
[EventDate "2021.08.14"]
[EventType "swiss"]
[EventRounds "9"]
[EventCountry "POL"]
[SourceTitle "EXT 2023"]
[Source "ChessBase"]
[SourceDate "2022.10.05"]
[SourceVersion "1"]
[SourceVersionDate "2022.10.05"]
[SourceQuality "1"]

1. e4 c5 2. c3 Nf6 3. e5 Nd5 4. Nf3 e6 5. d4 cxd4 6. cxd4 d6 7. Bc4 Nb6 8. Bb3 Nc6 9. 0-0 Bd7 10. Nc3 dxe5 11. dxe5 Rc8 12. Ne4 Be7 13. Nd6+ Bxd6 14. Qxd6 Qe7 15. Rd1 Qxd6 16. Rxd6 Na5 17. Be3 Nac4 18. Rd4 Nxe3 19. fxe3 Ke7 20. Rg4 Rhg8 21. Ng5 f5 22. Rd4 Rc5 23. Rad1 Rxe5 24. Kf2 h6 25. Nf3 Rc5 26. Ne1 Rgc8 27. Nd3 Ra5 28. g4 Rf8 29. Kg3 g5 30. h4 e5 31. Rb4 f4+ 32. exf4 gxf4+ 33. Kf2 Bxg4 34. Re1 Kf6 35. Rbe4 Bf5 36. Rxe5 Rxe5 37. Nxe5 Rd8 38. Re2 Rd4 39. Nf3 Rd3 40. Bc2 Re3 41. Bxf5 Rxe2+ 42. Kxe2 Kxf5 0-1

[Event "Rubinstein Memorial op-C 57th"]
[Site "Polanica Zdroj"]
[Date "2021.08.17"]
[Round "4"]
[White "Szydelko, Kazimierz"]
[Black "Bukowska, Katarzyna"]
[Result "1-0"]
[WhiteElo "1664"]
[BlackElo "1845"]
[PlyCount "57"]
[EventDate "2021.08.14"]
[EventType "swiss"]
[EventRounds "9"]
[EventCountry "POL"]
[SourceTitle "EXT 2023"]
[Source "ChessBase"]
[SourceDate "2022.10.05"]
[SourceVersion "1"]
[SourceVersionDate "2022.10.05"]
[SourceQuality "1"]

1. d4 d5 2. c4 e6 3. Nf3 Nf6 4. Bg5 Be7 5. Nc3 0-0 6. e3 Nbd7 7. Qc2 a6 8. a4 h6 9. Bh4 b6 10. cxd5 exd5 11. Bd3 c5 12. b3 Bb7 13. 0-0 Ne4 14. Bxe7 Qxe7 15. Bxe4 dxe4 16. Nd2 cxd4 17. exd4 e3 18. Nc4 exf2+ 19. Rxf2 Nf6 20. Re2 Qd7 21. Rd1 Rae8 22. Nxb6 Qg4 23. Nc4 Nh5 24. Ne5 Rxe5 25. Rxe5 Nf4 26. Re3 Rc8 27. Rde1 Nxg2 28. Re8+ Rxe8 29. Rxe8# 1-0

[Event "Polanica Zdroj op-D 56th"]
[Site "Polanica Zdroj"]
[Date "2020.08.16"]
[Round "2"]
[White "Szydelko, Kazimierz"]
[Black "Szydelko, Michal"]
[Result "0-1"]
[WhiteElo "1713"]
[BlackElo "1910"]
[PlyCount "100"]
[EventDate "2020.08.15"]
[EventType "swiss"]
[EventRounds "9"]
[EventCountry "POL"]
[SourceTitle "CBM 198 Extra"]
[Source "ChessBase"]
[SourceDate "2020.11.30"]
[SourceVersion "1"]
[SourceVersionDate "2020.11.30"]
[SourceQuality "1"]

1. e4 c5 2. Nf3 d6 3. d4 cxd4 4. Nxd4 Nf6 5. Nc3 e6 6. Be3 Be7 7. Be2 a6 8. 0-0 0-0 9. a3 Qc7 10. Kh1 b5 11. f4 Bb7 12. Bf3 Nbd7 13. Nb3 Rfd8 14. Qe2 Nc5 15. Nxc5 dxc5 16. Bg1 Rac8 17. e5 Nd5 18. Nxd5 Bxd5 19. Bxd5 Rxd5 20. Rad1 Rcd8 21. Rxd5 Rxd5 22. Be3 c4 23. Ra1 Bc5 24. h3 Qb6 25. Re1 Bxe3 26. Qxe3 Qxe3 27. Rxe3 Rd2 28. Rc3 Rf2 29. g3 Kf8 30. Kg1 Rd2 31. a4 Ke7 32. Kf1 Kd7 33. Ke1 Rh2 34. h4 Kc6 35. Kd1 Kc5 36. axb5 axb5 37. b3 Kd4 38. Rf3 Rh1+ 39. Ke2 Rh2+ 40. Kd1 f6 41. exf6 gxf6 42. bxc4 bxc4 43. Ra3 e5 44. Ra6 Ke3 45. Ra3+ Kf2 46. fxe5 fxe5 47. Rc3 e4 48. Rxc4 Rh1+ 49. Kd2 e3+ 50. Kd3 Rd1+ 0-1

[Event "Baltic Pearl op 15th"]
[Site "Lazy"]
[Date "2019.07.02"]
[Round "9"]
[White "Szydelko, Kazimierz"]
[Black "Kusiak, Mateusz"]
[Result "1-0"]
[WhiteElo "1699"]
[BlackElo "1514"]
[PlyCount "81"]
[EventDate "2019.06.23"]
[EventType "swiss"]
[EventRounds "9"]
[EventCountry "POL"]
[SourceTitle "CBM 191 Extra"]
[Source "ChessBase"]
[SourceDate "2019.09.30"]
[SourceVersion "1"]
[SourceVersionDate "2019.09.30"]
[SourceQuality "1"]

1. Nf3 Nf6 2. d4 g6 3. c4 Bg7 4. g3 0-0 5. Bg2 e6 6. 0-0 c5 7. Nc3 d5 8. cxd5 Nxd5 9. Nxd5 Qxd5 10. dxc5 Qxc5 11. Be3 Qe7 12. Qc2 Nc6 13. Bc5 Qc7 14. Bxf8 Kxf8 15. Rfd1 e5 16. Ng5 h6 17. Ne4 Kg8 18. Rac1 Bf5 19. Qc5 Be6 20. b4 Qb6 21. a3 Nd4 22. Qxb6 axb6 23. Rc7 Rxa3 24. e3 Bb3 25. Rf1 Nc6 26. b5 Na5 27. Nd6 Bf8 28. Rc8 Be6 29. Rd8 Kg7 30. Ne8+ Kg8 31. Nc7 Bc4 32. Rfd1 Kg7 33. Ne8+ Kh7 34. Bd5 Bc5 35. Bxc4 Nxc4 36. R1d7 g5 37. Rxf7+ Kg6 38. Rf6+ Kh5 39. Ng7+ Kg4 40. f3+ Kh3 41. Rxh6# 1-0

[Event "Baltic Pearl op 15th"]
[Site "Lazy"]
[Date "2019.06.28"]
[Round "6"]
[White "Szydelko, Kazimierz"]
[Black "Szydelko, Michal"]
[Result "1/2-1/2"]
[WhiteElo "1699"]
[BlackElo "1843"]
[PlyCount "41"]
[EventDate "2019.06.23"]
[EventType "swiss"]
[EventRounds "9"]
[EventCountry "POL"]
[SourceTitle "CBM 191 Extra"]
[Source "ChessBase"]
[SourceDate "2019.09.30"]
[SourceVersion "1"]
[SourceVersionDate "2019.09.30"]
[SourceQuality "1"]

1. g3 Nf6 2. Bg2 d5 3. d4 e6 4. c4 Be7 5. Nf3 0-0 6. 0-0 c5 7. dxc5 Bxc5 8. Qc2 Be7 9. Bg5 Nbd7 10. Nbd2 h6 11. Bxf6 Nxf6 12. Rfd1 Bd7 13. Rac1 Rc8 14. b3 Bc6 15. Ne5 Qb6 16. e3 Nd7 17. Nxc6 Rxc6 18. Qd3 Rfc8 19. Qf1 Ba3 20. Rb1 Qa5 21. Qe2 1/2-1/2

[Event "Baltic Pearl op 15th"]
[Site "Lazy"]
[Date "2019.06.26"]
[Round "4"]
[White "Szydelko, Kazimierz"]
[Black "Betkowski, Andrzej"]
[Result "0-1"]
[WhiteElo "1699"]
[BlackElo "2038"]
[PlyCount "74"]
[EventDate "2019.06.23"]
[EventType "swiss"]
[EventRounds "9"]
[EventCountry "POL"]
[SourceTitle "CBM 191 Extra"]
[Source "ChessBase"]
[SourceDate "2019.09.30"]
[SourceVersion "1"]
[SourceVersionDate "2019.09.30"]
[SourceQuality "1"]

1. d4 g6 2. c4 Bg7 3. Nf3 f5 4. g3 Nf6 5. Bg2 d6 6. Nc3 0-0 7. 0-0 c6 8. Bg5 Qe8 9. Bxf6 Bxf6 10. e4 e5 11. d5 c5 12. Qd2 f4 13. Ne1 Qe7 14. f3 h5 15. Nd3 g5 16. Ne2 Rf7 17. b4 cxb4 18. Nxb4 Nd7 19. Nd3 Nf8 20. Rac1 b6 21. a4 Qc7 22. Qb4 Nd7 23. Nc3 Nc5 24. Rfd1 fxg3 25. hxg3 g4 26. Nb5 Qd8 27. Nxc5 bxc5 28. Qa3 a6 29. Nc3 Bg5 30. f4 exf4 31. e5 dxe5 32. Ne4 f3 33. Nxg5 Qxg5 34. Bf1 e4 35. d6 Qe5 36. Kf2 h4 37. Rd5 Qxg3+ 0-1

[Event "Baltic Pearl op 15th"]
[Site "Lazy"]
[Date "2019.06.23"]
[Round "1"]
[White "Sokolowski, Ryszard"]
[Black "Szydelko, Kazimierz"]
[Result "0-1"]
[WhiteElo "2064"]
[BlackElo "1699"]
[PlyCount "108"]
[EventDate "2019.06.23"]
[EventType "swiss"]
[EventRounds "9"]
[EventCountry "POL"]
[SourceTitle "CBM 191 Extra"]
[Source "ChessBase"]
[SourceDate "2019.09.30"]
[SourceVersion "1"]
[SourceVersionDate "2019.09.30"]
[SourceQuality "1"]

1. d4 Nf6 2. c4 e6 3. Nc3 d5 4. cxd5 exd5 5. Bg5 Be7 6. e3 0-0 7. Bd3 c6 8. Qc2 h6 9. Bh4 Be6 10. Nge2 Re8 11. 0-0 Nbd7 12. f3 c5 13. Rad1 Rc8 14. Qb1 cxd4 15. Nxd4 Ne5 16. Bb5 Nfd7 17. Bxe7 Qxe7 18. f4 Ng4 19. f5 Nxe3 20. fxe6 fxe6 21. Rfe1 Nxd1 22. Qxd1 Qd6 23. Kh1 Re7 24. Ba4 Rf8 25. h3 Rf2 26. Qd3 Nc5 27. Qe3 Ref7 28. Kg1 Rxb2 29. Bc2 Qf4 30. Bg6 Qxe3+ 31. Rxe3 Rff2 32. Rg3 Rf4 33. Nde2 Rf6 34. Bh5 Ne4 35. Nxe4 dxe4 36. Re3 g6 37. Rg3 Kf7 38. Bg4 h5 39. Nc3 hxg4 40. Nxe4 Rf4 41. Ng5+ Kf6 42. h4 Rxa2 43. Re3 e5 44. Rd3 Ra1+ 45. Kh2 Rd4 46. Rb3 b6 47. Rc3 Ke7 48. Rc6 g3+ 49. Kxg3 Ra3+ 50. Kf2 Rd2+ 51. Kg1 Raa2 52. Re6+ Kd7 53. Rxg6 Rxg2+ 54. Kf1 Rgc2 0-1

[Event "EU-chT Seniors 50"]
[Site "Walbrzych"]
[Date "2018.04.21"]
[Round "8.4"]
[White "Sazonova, Elena"]
[Black "Szydelko, Kazimierz"]
[Result "1-0"]
[WhiteElo "2139"]
[BlackElo "1689"]
[PlyCount "53"]
[EventDate "2018.04.14"]
[EventType "team-swiss"]
[EventRounds "9"]
[EventCountry "POL"]
[SourceTitle "CBM 184 Extra"]
[Source "ChessBase"]
[SourceDate "2018.06.28"]
[SourceVersion "1"]
[SourceVersionDate "2018.06.28"]
[SourceQuality "1"]
[WhiteTeam "Russia (Women) 50"]
[BlackTeam "Poland Walbrzych 50"]
[WhiteTeamCountry "RUS"]
[BlackTeamCountry "POL"]

1. e4 c5 2. Nf3 d6 3. d4 cxd4 4. Nxd4 Nf6 5. Nc3 Nc6 6. f3 a6 7. Be3 Qc7 8. g4 e6 9. g5 Nd7 10. Qe2 b5 11. Nxc6 Qxc6 12. Bd4 Bb7 13. 0-0-0 Rc8 14. Kb1 Be7 15. f4 e5 16. Be3 Nb6 17. Bh3 Rd8 18. Bxb6 Qxb6 19. Nd5 Bxd5 20. exd5 0-0 21. Rhg1 exf4 22. g6 Bf6 23. gxf7+ Kh8 24. Be6 Be5 25. Qh5 g6 26. Rxg6 Qc7 27. Rh6 1-0

[Event "Polanica Zdroj op-C 52nd"]
[Site "Polanica Zdroj"]
[Date "2016.08.28"]
[Round "7"]
[White "Szydelko, Kazimierz"]
[Black "Cichocki, Konrad"]
[Result "0-1"]
[WhiteElo "1677"]
[BlackElo "1852"]
[PlyCount "126"]
[EventDate "2016.08.20"]
[EventType "swiss"]
[EventRounds "9"]
[EventCountry "POL"]
[SourceTitle "CBM 174 Extra"]
[Source "ChessBase"]
[SourceDate "2016.10.10"]
[SourceVersion "1"]
[SourceVersionDate "2016.10.10"]
[SourceQuality "1"]

1. d4 Nf6 2. c4 e6 3. Nc3 Bb4 4. a3 Bxc3+ 5. bxc3 c5 6. e3 0-0 7. Bd3 b6 8. f3 Nc6 9. Ne2 Ba6 10. Qa4 Qc8 11. 0-0 d5 12. e4 Na5 13. e5 dxc4 14. exf6 cxd3 15. fxg7 Kxg7 16. Ng3 Qc6 17. Qd1 Kh8 18. Nh5 Qd5 19. f4 Rg8 20. Rf2 Bb7 21. Raa2 Qf5 22. Ng3 Rxg3 23. hxg3 Rg8 24. dxc5 Bd5 25. cxb6 axb6 26. c4 Nxc4 27. Bb2+ Nxb2 28. Raxb2 Rb8 29. Qa4 Qf6 30. g4 Qc3 31. Qa7 Rb7 32. Qa4 b5 33. Qa6 Qe1+ 34. Kh2 Rc7 35. Qd6 Rc8 36. Qd7 Rf8 37. Qe7 Kg7 38. Qg5+ Kh8 39. Qh6 Kg8 40. f5 Qe5+ 41. Kg1 f6 42. Rxb5 Rc8 43. Rfb2 Qe1+ 44. Kh2 Qe5+ 45. Kh3 d2 46. Qxd2 Rc3+ 47. Qxc3 Qxc3+ 48. Kh2 Qxa3 49. fxe6 Bxe6 50. Rb6 Kf7 51. Rb7+ Kg6 52. R2b6 Bxg4 53. Rb8 Qa2 54. Rf8 Qa1 55. Rfxf6+ Qxf6 56. Rxf6+ Kxf6 57. Kg3 Kg5 58. Kh2 Kf4 59. Kh1 Kg3 60. Kg1 Bc8 61. Kh1 Bb7 62. Kg1 h5 63. Kh1 Bxg2+ 0-1

[Event "Polanica Zdroj op-C 52nd"]
[Site "Polanica Zdroj"]
[Date "2016.08.28"]
[Round "3"]
[White "Szydelko, Kazimierz"]
[Black "Pasieka, Marcin"]
[Result "1-0"]
[WhiteElo "1677"]
[BlackElo "1768"]
[PlyCount "75"]
[EventDate "2016.08.20"]
[EventType "swiss"]
[EventRounds "9"]
[EventCountry "POL"]
[SourceTitle "CBM 174 Extra"]
[Source "ChessBase"]
[SourceDate "2016.10.10"]
[SourceVersion "1"]
[SourceVersionDate "2016.10.10"]
[SourceQuality "1"]

1. d4 Nf6 2. c4 e6 3. Nc3 Bb4 4. a3 Bxc3+ 5. bxc3 0-0 6. e3 d5 7. cxd5 exd5 8. Bd3 c5 9. Ne2 Nc6 10. 0-0 Re8 11. Ng3 Qa5 12. Qc2 c4 13. Be2 Qc7 14. f3 h5 15. Bd2 Na5 16. Rae1 Nb3 17. Bd1 h4 18. Nh1 g6 19. Nf2 Bf5 20. Qb2 Nxd2 21. Qxd2 Re7 22. Re2 Rae8 23. Ba4 Bd7 24. Bc2 Bf5 25. Bxf5 gxf5 26. e4 Nh7 27. e5 f6 28. f4 Nf8 29. Nd1 Qd7 30. Ne3 Kf7 31. Qc2 Kg6 32. g4 hxg3 33. Rg2 Kh7 34. Nxf5 gxh2+ 35. Rxh2+ Kg8 36. Nxe7+ Qxe7 37. Rf3 Kf7 38. Qf5 1-0

[Event "Polanica Zdroj op-C 52nd"]
[Site "Polanica Zdroj"]
[Date "2016.08.28"]
[Round "9"]
[White "Zerebiec, Maurycy"]
[Black "Szydelko, Kazimierz"]
[Result "0-1"]
[WhiteElo "1332"]
[BlackElo "1677"]
[PlyCount "74"]
[EventDate "2016.08.20"]
[EventType "swiss"]
[EventRounds "9"]
[EventCountry "POL"]
[SourceTitle "CBM 174 Extra"]
[Source "ChessBase"]
[SourceDate "2016.10.10"]
[SourceVersion "1"]
[SourceVersionDate "2016.10.10"]
[SourceQuality "1"]

1. d4 Nf6 2. Nf3 g6 3. g3 Bg7 4. Bg2 0-0 5. 0-0 d5 6. c4 c6 7. cxd5 cxd5 8. Nc3 Nc6 9. e3 Ne4 10. Bd2 e6 11. Ne1 b6 12. Nd3 Ba6 13. Qc2 Rc8 14. Rfc1 f5 15. Nf4 Qe8 16. a3 g5 17. Nd3 Na5 18. Bxe4 fxe4 19. Nb4 Bc4 20. Re1 Nb3 21. Rad1 a5 22. Nba2 b5 23. Nc1 a4 24. Nxb3 axb3 25. Qb1 Qf7 26. Rf1 Qf3 27. a4 bxa4 28. Nxa4 Rf6 29. Nb6 Bxf1 30. Rxf1 Rc2 31. Be1 Re2 32. Qc1 Rc2 33. Qa1 h5 34. Nd7 Rf7 35. Nc5 h4 36. Nxe6 h3 37. Qa8+ Rf8 0-1

[Event "POL-chT3 Dolnoslaskie 1516"]
[Site "Poland"]
[Date "2015.10.18"]
[Round "1.19"]
[White "Szydelko, Kazimierz"]
[Black "Zydorczak, Marek"]
[Result "1-0"]
[WhiteElo "1692"]
[BlackElo "1478"]
[PlyCount "35"]
[EventDate "2015.10.18"]
[EventType "team-tourn"]
[EventRounds "11"]
[EventCountry "POL"]
[SourceTitle "EXT 2018"]
[Source "ChessBase"]
[SourceDate "2017.10.13"]
[SourceVersion "1"]
[SourceVersionDate "2017.10.13"]
[SourceQuality "1"]

1. d4 d5 2. c4 e6 3. Nc3 c5 4. Nf3 Nf6 5. Bg5 Nc6 6. e3 b6 7. cxd5 exd5 8. Bb5 Bb7 9. Ne5 Rc8 10. Qa4 Qd6 11. Qxa7 Rc7 12. Bf4 cxd4 13. Nxc6 Bxc6 14. Qxc7 Qxc7 15. Bxc7 dxc3 16. Bxc6+ Nd7 17. 0-0-0 cxb2+ 18. Kxb2 1-0

[Event "Polanica Zdroj op-D 49th"]
[Site "Polanica Zdroj"]
[Date "2013.08.17"]
[Round "1"]
[White "Zolkiewski, Jakub"]
[Black "Szydelko, Kazimierz"]
[Result "0-1"]
[WhiteElo "1496"]
[BlackElo "1817"]
[PlyCount "150"]
[EventDate "2013.08.17"]
[EventType "swiss"]
[EventRounds "9"]
[EventCountry "POL"]
[SourceTitle "EXT 2014"]
[Source "ChessBase"]
[SourceDate "2013.11.20"]
[SourceVersion "1"]
[SourceVersionDate "2013.11.20"]
[SourceQuality "1"]

1. e4 c5 2. Nf3 Nc6 3. d4 cxd4 4. Nxd4 Nf6 5. Nc3 d6 6. Be2 g6 7. Be3 Bg7 8. 0-0 0-0 9. Qd2 Bd7 10. f3 Rc8 11. Rad1 a6 12. Kh1 Ne5 13. Rfe1 b5 14. a3 Nc4 15. Bxc4 Rxc4 16. Qe2 Qb8 17. Nd5 Nxd5 18. exd5 Rfc8 19. c3 a5 20. Nc2 Qb7 21. Bf2 Bf6 22. Bd4 Bxd4 23. Nxd4 Re8 24. Nc2 Rh4 25. Qf2 Rh5 26. Qd4 f6 27. Ne3 Re5 28. Nc2 Rc8 29. Ne3 Qc7 30. Ng4 Bxg4 31. Qxg4 Qc4 32. f4 f5 33. Qf3 Re4 34. Rxe4 fxe4 35. Qg4 Rf8 36. h3 Rf5 37. Kh2 e3 38. Rd4 Qf1 39. Re4 e2 40. Rxe2 Kf7 41. Re4 Qf2 42. b4 h5 43. Qg3 Qxg3+ 44. Kxg3 axb4 45. axb4 Rxd5 46. Re3 Kf6 47. Kf3 Rd2 48. g4 hxg4+ 49. hxg4 e5 50. fxe5+ dxe5 51. Ke4 Ke6 52. Rd3 Rxd3 53. Kxd3 Kd5 54. Ke3 Kc4 55. Ke4 Kxc3 56. Kxe5 Kxb4 57. Kf6 Kc5 58. Kxg6 b4 59. g5 b3 60. Kf7 b2 61. g6 b1Q 62. g7 Qf5+ 63. Ke7 Qg6 64. Kf8 Qf6+ 65. Kg8 Kd6 66. Kh7 Qh4+ 67. Kg6 Qg4+ 68. Kf7 Qf5+ 69. Ke8 Qe6+ 70. Kf8 Qf6+ 71. Kg8 Ke7 72. Kh7 Qf5+ 73. Kh8 Qh5+ 74. Kg8 Kf6 75. Kf8 Qf7# 0-1

[Event "Polanica Zdroj op-D 48th"]
[Site "Polanica Zdroj"]
[Date "2012.08.18"]
[Round "1"]
[White "Blaszczak, Jedrzej"]
[Black "Szydelko, Kazimierz"]
[Result "0-1"]
[WhiteElo "1481"]
[BlackElo "1891"]
[PlyCount "64"]
[EventDate "2012.08.18"]
[EventType "swiss"]
[EventRounds "9"]
[EventCountry "POL"]
[SourceTitle "EXT 2014"]
[Source "ChessBase"]
[SourceDate "2013.11.20"]
[SourceVersion "1"]
[SourceVersionDate "2013.11.20"]
[SourceQuality "1"]

1. e4 c5 2. Nf3 d6 3. d4 cxd4 4. Nxd4 Nf6 5. Nc3 a6 6. Bc4 e6 7. 0-0 b5 8. Bd3 Bb7 9. Re1 Nbd7 10. Bg5 Be7 11. Qd2 0-0 12. a4 b4 13. Nd1 Qb6 14. Be3 Nc5 15. a5 Qc7 16. f3 d5 17. exd5 Nxd5 18. Nb3 Nxe3 19. Nxe3 Nxb3 20. cxb3 Rfd8 21. Qe2 Rac8 22. Bxa6 Bxa6 23. Qxa6 Rd2 24. Nc4 Rd3 25. Re3 Bc5 26. Kf2 Rxb3 27. Ra2 Bxe3+ 28. Nxe3 Qc5 29. Qe2 f5 30. f4 Qd4 31. g3 Rxe3 32. Qxe3 Rc2+ 0-1

[Event "Polanica Zdroj op-D 47th"]
[Site "Polanica Zdroj"]
[Date "2011.08.27"]
[Round "8"]
[White "Szydelko, Kazimierz"]
[Black "Malinowski, Damian"]
[Result "1/2-1/2"]
[WhiteElo "1829"]
[BlackElo "1875"]
[PlyCount "126"]
[EventDate "2011.08.20"]
[EventType "swiss"]
[EventRounds "9"]
[EventCountry "POL"]
[SourceTitle "EXT 2014"]
[Source "ChessBase"]
[SourceDate "2013.11.20"]
[SourceVersion "1"]
[SourceVersionDate "2013.11.20"]
[SourceQuality "1"]

1. e4 c6 2. d4 d5 3. Nc3 dxe4 4. Nxe4 Nf6 5. Nxf6+ gxf6 6. Bc4 Bf5 7. Ne2 e6 8. Bf4 Bd6 9. Qd2 Bxf4 10. Nxf4 Nd7 11. 0-0-0 Qc7 12. f3 Nb6 13. Bb3 Nd5 14. Nh5 Bg6 15. Bxd5 Bxh5 16. Bb3 0-0-0 17. h4 h6 18. g4 Bg6 19. Qe3 h5 20. c3 Kb8 21. Bc2 Bxc2 22. Kxc2 Rdg8 23. Rdg1 Qd6 24. Rg2 Kc7 25. g5 f5 26. Re1 a6 27. c4 Kb8 28. Qe5 Qxe5 29. Rxe5 Rg6 30. b4 Rd8 31. Kc3 Kc7 32. a4 Rd6 33. Rb2 Rg8 34. b5 axb5 35. axb5 Ra8 36. c5 Rd5 37. Rxd5 cxd5 38. Kb4 Ra1 39. g6 fxg6 40. Rg2 Rb1+ 41. Kc3 Rxb5 42. Rxg6 b6 43. Rxe6 bxc5 44. dxc5 Rxc5+ 45. Kd4 Rc4+ 46. Kxd5 Rxh4 47. Ke5 Rh1 48. Kxf5 h4 49. Kg4 h3 50. Kg3 h2 51. Rh6 Ra1 52. Rxh2 Kd7 53. Re2 Ra6 54. f4 Re6 55. Ra2 Ke7 56. f5 Rb6 57. Kf4 Kf6 58. Ra4 Rc6 59. Rb4 Ra6 60. Kg4 Rc6 61. Rf4 Rb6 62. Ra4 Rc6 63. Ra8 Rc4+ 1/2-1/2

[Event "Polanica Zdroj op-D 47th"]
[Site "Polanica Zdroj"]
[Date "2011.08.23"]
[Round "4"]
[White "Szydelko, Kazimierz"]
[Black "Wiatrowski, Damian"]
[Result "1-0"]
[WhiteElo "1829"]
[BlackElo "1624"]
[PlyCount "51"]
[EventDate "2011.08.20"]
[EventType "swiss"]
[EventRounds "9"]
[EventCountry "POL"]
[SourceTitle "EXT 2014"]
[Source "ChessBase"]
[SourceDate "2013.11.20"]
[SourceVersion "1"]
[SourceVersionDate "2013.11.20"]
[SourceQuality "1"]

1. d4 d5 2. c4 e6 3. Nc3 Nc6 4. Nf3 Bb4 5. g3 Bd7 6. Bg2 Nf6 7. 0-0 Bxc3 8. bxc3 0-0 9. Bg5 h6 10. Bxf6 Qxf6 11. cxd5 exd5 12. Qb3 Qe6 13. Qxb7 Qxe2 14. Qxc7 Bg4 15. Rfe1 Qc4 16. Ne5 Nxe5 17. Qxe5 Rfe8 18. Qxd5 Qxc3 19. Rec1 Qd2 20. Rc7 Be6 21. Qh5 Rad8 22. d5 g6 23. Rd1 Qxa2 24. Qf3 Bd7 25. Bh3 Re7 26. d6 1-0